[Event "Moscow RGGU op"]
[Site "Moscow"]
[Date "2019.04.27"]
[Round "7"]
[White "Zakharova, Evgenia"]
[Black "Grigoriev, Ivan S"]
[Result "1-0"]
[WhiteElo "1892"]
[BlackElo "1220"]
[PlyCount "101"]
[EventDate "2019.03.16"]
[EventType "swiss"]
[EventRounds "7"]
[EventCountry "RUS"]
[SourceTitle "CBM 190 Extra"]
[Source "ChessBase"]
[SourceDate "2019.07.15"]
[SourceVersion "1"]
[SourceVersionDate "2019.07.15"]
[SourceQuality "1"]

1. d4 Nf6 2. c4 e6 3. Nf3 b6 4. a3 Bb7 5. Nc3 c6 6. e4 d5 7. cxd5 cxd5 8. e5 Nfd7 9. Bd3 Be7 10. 0-0 0-0 11. Nb5 Nc6 12. Nd6 Bxd6 13. Bxh7+ Kxh7 14. Ng5+ Qxg5 15. Bxg5 Be7 16. Qd3+ Kg8 17. f4 f5 18. exf6 Bxf6 19. Bxf6 Nxf6 20. b4 Ne4 21. Rac1 Rac8 22. b5 Ne7 23. g3 Nf5 24. g4 Nfd6 25. Rxc8 Rxc8 26. Qh3 Rc3 27. Qh4 Kf7 28. Qh5+ Kg8 29. a4 a6 30. Qg6 axb5 31. Qxe6+ Kf8 32. axb5 Bc8 33. Qg6 Bd7 34. Ra1 Nxb5 35. Qxb6 Rc7 36. f5 Ke7 37. Qg6 Kf8 38. Ra8+ Rc8 39. Rxc8+ Bxc8 40. Qc6 Nbd6 41. Qxd5 Bb7 42. Qe5 Bc8 43. h4 Kf7 44. h5 Bd7 45. d5 Bc8 46. Qf4 Bd7 47. h6 gxh6 48. Qxh6 Bb5 49. Qe6+ Kf8 50. f6 Be8 51. Qe7+ 1-0

[Event "Moscow RGGU op"]
[Site "Moscow"]
[Date "2019.04.06"]
[Round "4"]
[White "Galkin, Stanislav"]
[Black "Grigoriev, Ivan S"]
[Result "1/2-1/2"]
[WhiteElo "1511"]
[BlackElo "1220"]
[PlyCount "86"]
[EventDate "2019.03.16"]
[EventType "swiss"]
[EventRounds "7"]
[EventCountry "RUS"]
[SourceTitle "CBM 190 Extra"]
[Source "ChessBase"]
[SourceDate "2019.07.15"]
[SourceVersion "1"]
[SourceVersionDate "2019.07.15"]
[SourceQuality "1"]

1. e4 e5 2. Nf3 Nf6 3. Bc4 Nc6 4. Nc3 Bb4 5. Nd5 h6 6. Nxb4 Nxb4 7. d3 d6 8. h3 0-0 9. c3 Nc6 10. Bb3 Re8 11. 0-0 d5 12. exd5 Nxd5 13. Re1 Bf5 14. Ba4 Qd6 15. d4 exd4 16. Rxe8+ Rxe8 17. Nxd4 Bd7 18. Nf3 Nf6 19. Qxd6 cxd6 20. Be3 a6 21. Rd1 d5 22. Bb3 Be6 23. Nd4 Nxd4 24. Bxd4 Ne4 25. f3 Nd6 26. Bc5 Nc4 27. Bxc4 dxc4 28. Bb6 Bf5 29. Rd8 Rxd8 30. Bxd8 b5 31. Kf2 Kf8 32. Ke3 Ke8 33. Bb6 Kd7 34. h4 h5 35. g3 Kc6 36. Bd4 g6 37. Kf4 Bb1 38. a3 Kd5 39. Kg5 Ke6 40. f4 Bf5 41. Bb6 Bg4 42. Bd4 Bf5 43. Bb6 Bh3 1/2-1/2

[Event "Moscow RGGU op"]
[Site "Moscow"]
[Date "2019.03.23"]
[Round "2"]
[White "Grigoriev, Ivan S"]
[Black "Zakharova, Anna"]
[Result "0-1"]
[WhiteElo "1220"]
[BlackElo "1820"]
[PlyCount "60"]
[EventDate "2019.03.16"]
[EventType "swiss"]
[EventRounds "7"]
[EventCountry "RUS"]
[SourceTitle "CBM 190 Extra"]
[Source "ChessBase"]
[SourceDate "2019.07.15"]
[SourceVersion "1"]
[SourceVersionDate "2019.07.15"]
[SourceQuality "1"]

1. d4 d5 2. c4 e6 3. Nc3 c6 4. Nf3 dxc4 5. a4 Bb4 6. e3 b5 7. Bd2 a5 8. axb5 Bxc3 9. Bxc3 cxb5 10. b3 Bb7 11. bxc4 b4 12. Bb2 Nf6 13. Bd3 Nbd7 14. 0-0 0-0 15. c5 Qc7 16. Bb5 Bc6 17. Bxc6 Qxc6 18. Ra4 b3 19. Qa1 Qb5 20. Nd2 Nd5 21. Nc4 Nb4 22. Nd6 Qa6 23. Bc3 Nc6 24. Qa3 Rfb8 25. Rb1 Qd3 26. Qb2 Nf6 27. Rba1 Nd5 28. Bxa5 Rxa5 29. Rxa5 Nxa5 30. Rxa5 Qd1# 0-1